الموريسكيون وهجرتهم إلى المغرب / (Record no. 67603)
[ view plain ]
| 000 -الفاتح | |
|---|---|
| حقل البيانات ثابتة الطول | 00794nam a2200217Ia 4500 |
| 005 - وقت وتاريخ اخر تعامل مع التسجيلة | |
| رقم الضبط | 20250622124033.0 |
| 008 - عناصر البيانات ثابتة الطول - معلومات عامة | |
| حقل البيانات ثابتة الطول | 250617s9999||||xx |||||||||||||| ||ara|| |
| 017 ## - رقم الايداع القانونى | |
| رقم الايداع القانونى | 2025/4541 |
| المصدر ( الهيئة المختصة) | مصر. دار الكتب |
| 020 ## - الرقم الدولى المعيارى للكتب | |
| الرقم الدولى المعيارى للكتاب | 9789773445867 |
| 082 04 - رقم تصنيف ديوى العشرى | |
| رقم التصنيف | "953,0729" |
| رقم المادة | ع م |
| 100 0# - المدخل الرئيسى - إسم شخصى | |
| الإسم الشخصى | على ضحا |
| 245 10 - بيان العنوان | |
| العنوان | الموريسكيون وهجرتهم إلى المغرب / |
| بيان المسئوليه,etc | تأليف على ضحا |
| 250 ## - بيان الطبعة | |
| بيان الطبعة | ط1 |
| 260 3# - PUBLICATION, DISTRIBUTION, ETC. (IMPRINT) | |
| تاريخ النشر أو التوزيع | 2025. |
| 300 ## - الوصف المادى | |
| التعداد | 197ص : |
| تفاصيل ماديه اخرى للوعاء | إيض ؛ |
| أبعاد الوعاء | 25سم. |
| 650 ## - المدخل الاضافى بالموضوع-مصطلح موضوعى | |
| مصطلح موضوعي | التاريخ الإسلامى |
| 651 ## - المدخل الاضافى بالموضوع - اسم جغرافى | |
| الاسم الجغرافي | المغرب |
| التقسيم الفرعي العام | تاريخ |
| -- | الموريسكيون |
| 651 ## - المدخل الاضافى بالموضوع - اسم جغرافى | |
| الاسم الجغرافي | المغرب |
| التقسيم الفرعي العام | تاريخ |
| التقسيم الفرعي الزمني | العصر الإسلامى (647-1912م) |
| 942 ## - عناصر المدخل الإضافي( كوها) | |
| Koha [default] item type | كتاب |
| 260 3# - PUBLICATION, DISTRIBUTION, ETC. (IMPRINT) | |
| -- | القاهرة : |
| -- | "دار الآفاق العربية،" |
| حالة التراجع | حالة الفقد | حالة تلف | ليس للاعارة | المكان المؤقت | الموقع الحالى | موقع الترفيف | تاريخ الاكتساب | اجمالي اﻻعارات | تاريخ اخر مشاهدة | تاريخ تفعيل السعر | نوع وعاء كوها |
|---|---|---|---|---|---|---|---|---|---|---|---|
| مكتبة القاهرة الكبرى | مكتبة القاهرة الكبرى | القاعة الرئيسية | 06/22/2025 | 06/22/2025 | 06/22/2025 | كتاب |

